|
|
|
|
| LEADER |
00000nam a2200000 4500 |
| 001 |
vtls012078078 |
| 003 |
SK-MaSNL |
| 005 |
20260301230809.0 |
| 008 |
211119s2021 xo a g 010 j slo |
| 015 |
|
|
|a SNBA2021/12
|
| 020 |
|
|
|a 9788097398903
|q (viazané)
|
| 040 |
|
|
|a SNK
|b slo
|c SNK
|e rda
|
| 041 |
0 |
|
|a slo
|
| 044 |
|
|
|a xo
|c SK
|
| 072 |
|
7 |
|a 612
|x Fyziológia človeka a porovnávacia fyziológia
|2 konspekt
|
| 080 |
|
|
|a 316.346.32-053.32
|2 2011
|
| 080 |
|
|
|a 612.648-053.32
|2 2011
|
| 080 |
|
|
|a (0:82-32)
|2 2011
|
| 080 |
|
|
|a (0.025.2)
|2 2011
|
| 100 |
1 |
|
|a Kmetóny Gazdová, Veronika
|4 aut
|9 444512
|
| 245 |
1 |
0 |
|a Bol raz jeden malíček
|c autorka: Veronika Kmetóny Gazdová ; ilustrácie: Lenka Šnelcerová
|
| 250 |
|
|
|a Prvé vydanie
|
| 264 |
|
1 |
|a Michalovce
|b [Mgr. Michal Klima - mydesign.sk]
|c 2021
|
| 300 |
|
|
|a 14 nečíslovaných strán
|b ilustrácie
|c 15 cm
|
| 336 |
|
|
|a text
|b txt
|2 rdacontent
|
| 336 |
|
|
|a statický obraz
|b sti
|2 rdacontent
|
| 337 |
|
|
|a bez média
|b n
|2 rdamedia
|
| 338 |
|
|
|a zväzok
|b nc
|2 rdacarrier
|
| 500 |
|
|
|a Kartónové listy
|
| 500 |
|
|
|a Vydané pri príležitosti 10. výročia OZ malíček
|
| 500 |
|
|
|a Vydavateľ podľa NA ISBN
|
| 500 |
|
|
|a Názov z obalu
|
| 650 |
0 |
7 |
|a nedonosené deti
|2 SNKPH
|9 85279
|
| 650 |
0 |
7 |
|a Premature babies
|2 SNKPHeng
|9 313471
|
| 655 |
|
7 |
|a príbehy
|2 SNKPH
|9 70507
|
| 655 |
|
7 |
|a Stories
|2 SNKPHeng
|9 265785
|
| 655 |
|
7 |
|a Picture books for children
|2 SNKPHeng
|9 277438
|
| 655 |
|
7 |
|a leporelá
|2 SNKPH
|9 60414
|
| 700 |
1 |
|
|a Šnelcerová, Lenka
|4 ill
|9 373268
|
| 710 |
2 |
|
|a Malíček (občianske združenie)
|4 pbl
|9 622092
|
| 919 |
|
|
|a 978-80-973989-0-3
|
| 999 |
|
|
|c 956039
|d 957969
|
| 952 |
|
|
|a SNK
|b SNK
|y PREZ
|7 0
|p 17A1469611
|o snkOSE 5475
|i snk2021/18734
|8 0
|0 0
|1 0
|4 0
|d 2021-11-19
|l 0
|r 2026-02-24 10:03:04
|w 2026-02-24
|
| 952 |
|
|
|a SNK
|b SNK
|y PREZ
|7 0
|p 17A1469612
|o snkOSE 5475 D1
|i snk2021/18735
|8 0
|0 0
|1 0
|4 0
|d 2021-11-19
|l 0
|r 2026-02-24 10:03:04
|w 2026-02-24
|